000 01164cam a2200313 i 4500
999 _c200447951
_d66163
003 TR-AnTOB
005 20230215145433.0
007 ta
008 780822m19771978fr a b 001 0 fre d
010 _a78360360
020 _c150F per vol.
040 _aDLC
_beng
_erda
_cDLC
_dDLC
_dTR-AnTOB
041 0 _afre
050 0 4 _aHC10
_b.L46
090 _aHC10
_b.L46
100 1 _aLéon, Pierre
_9137524
245 0 0 _aHistoire économique et sociale du monde /
_c[direction] Pierre Léon.
264 1 _aParis :
_bArmand Colin,
_c1977.
300 _a6 volumes :
_billustrations, graphics, tables ;
_c24 cm
336 _atext
_btxt
_2rdacontent
337 _aunmediated
_bn
_2rdamedia
338 _avolume
_bnc
_2rdacarrier
505 _tv. 1, L'ouverture du monde XIVe XVI siècle --
_tv. 2, Les hésitations de la croissance, 1580 1730 --
_tv. 3, Inerties et revolutions, 1730 1840 --
_tv. 4, La domination du capitalism, 1840 1914 --
_tv. 5, Guerres et crisis, 1914 1917 --
_tv. 6, Le second XXe siècle 1947 à nos jours.
650 0 _aEconomic history
_98443
650 0 _aSocial history
_94818
942 _2z
_cBK